| 000 | 00000nam##2200000za#4500 |
| 001 | 9.590382 |
| 003 | CaOODSP |
| 005 | 20210624200111 |
| 007 | cr ||||||||||| |
| 008 | 150406|2014||||xxc|||||o f|0| 0 fre|d |
| 020 | |a978-1-100-54881-4 |
| 040 | |aCaOODSP|bfre |
| 041 | |aeng |
| 041 | |afre |
| 043 | |an-cn--- |
| 086 | 1 |aFR4-2014/27-PDF |
| 110 | 1 |aCanada.|bAffaires étrangères, Commerce et Développement Canada. |
| 245 | 10|aImposition / Conseil de l'Europe et OCDE : |h[ressource électronique]|bConvention concernant l'assistance administrative mutuelle en matière fiscale, faite à Strasbourg le 25 janvier 1988, telle qu'elle est amendée par le Protocole d'amendement à la Convention concernant l'assistance administrative mutuelle en matière fiscale, fait à Paris le 27 mai 2010, en vigueur : le 1er avril 1995 (Convention), le 1er juin 2011 (Protocole), en vigueur pour le Canada : le 1er mars 2014 (Convention et Protocole) |
| 260 | |aOttawa - Ontario : |bAffaires étrangères, Commerce et Développement Canada |cc2014. |
| 300 | |a46p |
| 490 | 1 |aRecueil des traités|v2014/27 |
| 590 | |a15-10|b2015-03-06 |
| 791 | |tTaxation / Council of Europe and OECD : |eeng|w(CaOODSP)9.590381 |
| 830 | #0|aRecueil des traités ;|v2014/27|w(CaOODSP)9.500662 |
| 856 | 40|ahttp://publications.gc.ca|qPDF|s535 Ko|uhttps://publications.gc.ca/collections/collection_2015/maecd-dfatd/FR4-2014-27.pdf|y2014/27 |